[Event "Chalkida Tessas op-ch"]
[Site "Chalkida"]
[Date "2008.07.06"]
[Round "6"]
[White "Arounis, Loukas"]
[Black "Doukas, Petros"]
[Result "0-1"]
[WhiteElo "1000"]
[BlackElo "1005"]
[PlyCount "52"]
[EventDate "2008.06.21"]
[EventType "swiss"]
[EventRounds "6"]
[EventCountry "GRE"]
[SourceTitle "EXT 2010"]
[Source "ChessBase"]
[SourceDate "2010.11.25"]
[SourceVersion "1"]
[SourceVersionDate "2010.11.25"]
[SourceQuality "1"]

1. d4 d5 2. Nf3 Nf6 3. c4 c6 4. Nc3 e6 5. e3 Be7 6. Bd2 0-0 7. Bd3 dxc4 8. Bxc4 Nbd7 9. 0-0 Nb6 10. Bd3 Nbd5 11. e4 Nxc3 12. Bxc3 b6 13. e5 Nd5 14. Bd2 Bb7 15. Rc1 Nc7 16. Bb1 c5 17. dxc5 Bxf3 18. gxf3 bxc5 19. Kh1 Rb8 20. b3 Qd5 21. Rg1 Rbd8 22. Rxg7+ Kxg7 23. Qg1+ Kh8 24. Qg4 Qxd2 25. Rf1 Qg5 26. Qe4 Qh6 0-1

[Event "Chalkida Tessas op-ch"]
[Site "Chalkida"]
[Date "2008.06.22"]
[Round "2"]
[White "Polena, Thomaq"]
[Black "Doukas, Petros"]
[Result "1-0"]
[WhiteElo "1635"]
[BlackElo "1005"]
[PlyCount "87"]
[EventDate "2008.06.21"]
[EventType "swiss"]
[EventRounds "6"]
[EventCountry "GRE"]
[SourceTitle "EXT 2010"]
[Source "ChessBase"]
[SourceDate "2010.11.25"]
[SourceVersion "1"]
[SourceVersionDate "2010.11.25"]
[SourceQuality "1"]

1. d4 e6 2. c4 d5 3. Nf3 c5 4. e3 Nf6 5. Nc3 Nc6 6. Be2 a6 7. cxd5 exd5 8. 0-0 cxd4 9. Nxd4 Nxd4 10. Qxd4 Be7 11. Bf3 Be6 12. Rd1 0-0 13. b3 Rc8 14. Bb2 Bc5 15. Qd3 Qd7 16. Na4 Bf5 17. Nxc5 Rxc5 18. Qd4 Rc2 19. h3 Rd8 20. g4 Bg6 21. Rac1 Rdc8 22. Rxc2 Rxc2 23. Qe5 Qe8 24. Bxd5 Qxe5 25. Bxe5 Nxd5 26. Rxd5 f6 27. Bd4 Rxa2 28. Rd8+ Kf7 29. Rd7+ Kf8 30. Rxb7 Ra5 31. b4 Rb5 32. Ra7 Kg8 33. Bc5 Bd3 34. Rxa6 Kf7 35. Ra7+ Kg6 36. f4 Rb8 37. Kf2 Kh6 38. Kg3 g6 39. h4 g5 40. hxg5+ fxg5 41. f5 Be2 42. Rf7 Bxg4 43. Kxg4 Re8 44. Bf8+ 1-0